| 000 | 00584nam a2200169 a 4500 | ||
|---|---|---|---|
| 001 | 000043940 | ||
| 005 | 20201002045045.0 | ||
| 008 | 140509s1975 sp a 000 0 spa d | ||
| 020 | _a8433402153 | ||
| 040 |
_aDO-SdBNP _bspa _cBNPHU |
||
| 100 | 1 |
_aMoya, Gonzalo. _971874 |
|
| 245 | 1 | 0 |
_aDon Pedro el Cruel : _bbiología, política y tradición literaria en la figura de Pedro I de Castilla / _cGonzalo Moya. |
| 260 |
_aMadrid : _bEdiciones Júcar, _c1975. |
||
| 300 |
_a355 p. : _bil. ; _c21 cm. |
||
| 490 | 1 |
_aLa Vela latina _v33 _aHistoria |
|
| 830 | 0 |
_aLa Vela latina _pHistoria _v33 _953413 |
|
| 999 |
_c43429 _d43429 |
||